Products' requirements and their assessment

Salvato in:
Dettagli Bibliografici
Autore principale: Karkalíková, Marta
Altri autori: Lacková, Alica, Kollár, Vojtech
Natura: Capitolo di libro
Lingua:inglese
Tags: Aggiungi Tag
Nessun Tag, puoi essere il primo ad aggiungerne!!

MARC

LEADER 00000naa$a2200000$$$4500
001 0135241
005 20240502083327.6
041 0 |a eng 
044 |a SI 
245 1 0 |a Products' requirements and their assessment  |c Marta Karkalíková, Alica Lacková, Vojtech Kollár 
100 1 |a Karkalíková, Marta 
700 1 |a Lacková, Alica 
700 1 |a Kollár, Vojtech